[Event "BCF-chT2 0506 (4NCL)"]
[Site "Birmingham"]
[Date "2005.10.23"]
[Round "2.2"]
[White "Potts, Alan W"]
[Black "Allicock, Rawle Anthony"]
[Result "1-0"]
[WhiteElo "2275"]
[BlackElo "2303"]
[PlyCount "59"]
[EventDate "2005.10.22"]
[EventType "team"]
[EventRounds "11"]
[EventCountry "ENG"]
[SourceTitle "EXT 2007"]
[Source "ChessBase"]
[SourceDate "2006.11.23"]
[SourceVersion "1"]
[SourceVersionDate "2006.11.23"]
[SourceQuality "1"]
[WhiteTeam "White Rose"]
[BlackTeam "Wessex"]
[WhiteTeamCountry "ENG"]
[BlackTeamCountry "ENG"]

1. e4 c6 2. d4 d5 3. f3 e6 4. Be3 dxe4 5. Nd2 exf3 6. Ngxf3 Nf6 7. Bd3 Nbd7 8. Qe2 Be7 9. 0-0-0 Qa5 10. Kb1 Nd5 11. Nc4 Qa4 12. c3 N7b6 13. Bg5 Nxc4 14. Bxc4 Bxg5 15. Nxg5 h6 16. Ne4 0-0 17. g4 Qa5 18. Rhg1 Nf4 19. Qe3 Ng6 20. g5 h5 21. Rdf1 e5 22. Nf6+ Kh8 23. Qe2 Bg4 24. Rxg4 gxf6 25. gxf6 exd4 26. Qd2 Kh7 27. Rg5 dxc3 28. bxc3 Rad8 29. Qc1 Qb6+ 30. Ka1 1-0

[Event "BCF-chT 9900 (4NCL)"]
[Site "Birmingham"]
[Date "1999.10.10"]
[Round "2.3"]
[White "Potts, Alan W"]
[Black "King, Daniel J"]
[Result "0-1"]
[WhiteElo "2288"]
[BlackElo "2501"]
[PlyCount "56"]
[EventDate "1999.10.??"]
[EventType "team"]
[EventRounds "11"]
[EventCountry "ENG"]
[SourceTitle "EXT 2000"]
[Source "ChessBase"]
[SourceDate "1999.11.16"]
[SourceVersion "1"]
[SourceVersionDate "1999.11.16"]
[SourceQuality "1"]
[WhiteTeam "SWR"]
[BlackTeam "Guildford"]
[WhiteTeamCountry "ENG"]
[BlackTeamCountry "ENG"]

1. e4 c5 2. Nf3 d6 3. Bb5+ Bd7 4. Bxd7+ Nxd7 5. 0-0 Ngf6 6. Re1 e6 7. c3 Be7 8. d4 cxd4 9. cxd4 Nb6 10. Bd2 d5 11. e5 Ne4 12. Ba5 Qd7 13. Bxb6 axb6 14. Qb3 b5 15. Nbd2 Nxd2 16. Nxd2 Ra4 17. Qd3 0-0 18. Re3 Rfa8 19. Nb3 Rxa2 20. Rxa2 Rxa2 21. Qb1 Ra4 22. Rc3 Rc4 23. Qa1 Qc8 24. g3 g6 25. Rc1 Kg7 26. Kg2 Bg5 27. Rd1 Rc2 28. Rd3 Rxf2+ 0-1

[Event "BCF-chT 9900 (4NCL)"]
[Site "Birmingham"]
[Date "1999.10.09"]
[Round "1.3"]
[White "McNab, Colin Anderson"]
[Black "Potts, Alan W"]
[Result "1-0"]
[WhiteElo "2445"]
[BlackElo "2288"]
[PlyCount "75"]
[EventDate "1999.10.??"]
[EventType "team"]
[EventRounds "11"]
[EventCountry "ENG"]
[SourceTitle "EXT 2000"]
[Source "ChessBase"]
[SourceDate "1999.11.16"]
[SourceVersion "1"]
[SourceVersionDate "1999.11.16"]
[SourceQuality "1"]
[WhiteTeam "Slough"]
[BlackTeam "SWR"]
[WhiteTeamCountry "ENG"]
[BlackTeamCountry "ENG"]

1. c4 f5 2. b3 d6 3. Bb2 e5 4. d4 Nd7 5. Nc3 Ngf6 6. e3 c6 7. Nge2 Be7 8. g3 0-0 9. Bg2 Qe8 10. Qc2 e4 11. Nf4 Nb6 12. h4 Bd7 13. h5 a5 14. Bf1 a4 15. 0-0-0 a3 16. Ba1 d5 17. c5 Nc8 18. Na4 Bd8 19. Bc3 Rf7 20. Bb4 b6 21. cxb6 Nxb6 22. Nc5 Bc8 23. Be2 Ng4 24. Rdf1 Rf6 25. Kb1 Bc7 26. Qc1 Rh6 27. Bxa3 Bxf4 28. gxf4 Rxh5 29. Rxh5 Qxh5 30. Bb4 Qh2 31. Nxe4 fxe4 32. Qxc6 h5 33. Qxb6 Nxe3 34. Qc6 Rb8 35. Re1 Qxf2 36. Qe8+ Kh7 37. Qxh5+ Kg8 38. Qe8+ 1-0

[Event "BCF-chT2 9899 (4NCL)"]
[Site "England"]
[Date "1998.11.22"]
[Round "4.3"]
[White "Potts, Alan W"]
[Black "Borg, Andrew"]
[Result "1-0"]
[WhiteElo "2270"]
[BlackElo "2150"]
[PlyCount "61"]
[EventDate "1998.10.??"]
[EventType "team"]
[EventRounds "11"]
[EventCountry "ENG"]
[SourceTitle "EXT 2000"]
[Source "ChessBase"]
[SourceDate "1999.11.16"]
[SourceVersion "1"]
[SourceVersionDate "1999.11.16"]
[SourceQuality "1"]
[WhiteTeam "White Rose"]
[BlackTeam "Gwent Dragons"]
[WhiteTeamCountry "ENG"]
[BlackTeamCountry "ENG"]

1. e4 c5 2. Nf3 Nc6 3. Bb5 e6 4. 0-0 Nge7 5. b3 a6 6. Bxc6 Nxc6 7. Bb2 f6 8. d4 cxd4 9. Nxd4 Be7 10. Qh5+ g6 11. Qh6 Bf8 12. Qe3 Bg7 13. Nd2 e5 14. Ne2 b5 15. a4 Rb8 16. axb5 axb5 17. c4 b4 18. c5 d5 19. exd5 Qxd5 20. Nc4 Bf8 21. Rfd1 Qxc5 22. Qf3 Bf5 23. Rac1 Qb5 24. g4 Bd7 25. Qxf6 Rg8 26. Rxd7 Kxd7 27. Nxe5+ Nxe5 28. Bxe5 Bc5 29. Qf7+ Kc6 30. Nd4+ Kb6 31. Qc7+ 1-0

[Event "BCF-chT2 9899 (4NCL)"]
[Site "England"]
[Date "1998.11.21"]
[Round "3.3"]
[White "Crichton, Martin"]
[Black "Potts, Alan W"]
[Result "0-1"]
[WhiteElo "2030"]
[BlackElo "2270"]
[PlyCount "114"]
[EventDate "1998.10.??"]
[EventType "team"]
[EventRounds "11"]
[EventCountry "ENG"]
[SourceTitle "EXT 2000"]
[Source "ChessBase"]
[SourceDate "1999.11.16"]
[SourceVersion "1"]
[SourceVersionDate "1999.11.16"]
[SourceQuality "1"]
[WhiteTeam "Slough II"]
[BlackTeam "White Rose"]
[WhiteTeamCountry "ENG"]
[BlackTeamCountry "ENG"]

1. e4 e6 2. d3 c5 3. Nf3 Nc6 4. g3 g6 5. Bg2 Bg7 6. 0-0 Nge7 7. c3 0-0 8. Be3 b6 9. Qc1 Ba6 10. Rd1 d5 11. exd5 Nxd5 12. Bh6 Rc8 13. Bxg7 Kxg7 14. Na3 Qf6 15. Nc4 Rfd8 16. Ne3 Nxe3 17. Qxe3 Rd7 18. a4 Rcd8 19. Bf1 Bb7 20. Re1 Nd4 21. Nxd4 cxd4 22. Qe5 dxc3 23. bxc3 Rc8 24. c4 Rc5 25. Qxf6+ Kxf6 26. Ra3 Rd4 27. Bg2 Bc8 28. Rea1 Ra5 29. Re1 Bd7 30. Rea1 Ke7 31. f4 Kd6 32. Kf2 f6 33. Be4 Kc5 34. Ke3 e5 35. fxe5 fxe5 36. R3a2 Kb4 37. Rb1+ Kc5 38. Rba1 Be6 39. Rb1 Bd7 40. Rba1 Be6 41. Rf1 b5 42. Rf6 Rd6 43. Rxe6 Rxe6 44. cxb5 Kb4 45. Bd5 Rb6 46. Bc4 Rxa4 47. Rxa4+ Kxa4 48. Ke4 Rxb5 49. Bxb5+ Kxb5 50. Kxe5 a5 51. d4 a4 52. d5 a3 53. d6 a2 54. d7 a1Q+ 55. Ke6 Qh8 56. Ke7 Qe5+ 57. Kf8 Qd6+ 0-1